000 00993cam a22003137a 4500
003 CHAP
005 20220817041628.0
008 971013d1976 mx a r 00010 spa d
010 _a20152
011 _a21124
035 _a25213
040 _cCHAP
090 _aFolleto 4737
110 2 _aCentros CONASUPO de Capacitación Campesina. México
_921275
245 1 0 _aCría y manejo de ganado lechero
_c/por Centros CONASUPO de Capacitación Campesina
260 _aMéxico :
_bCentros CONASUPO de Capacitación,
_c1976.
300 _a57 p. :
_bilus.
410 2 0 _aCONASUPO
490 0 _aCuaderno
_v; 12
590 _aBATCH-UPD
_b10
_c20130110
_lUCH01
_h1913
590 _aCONVERSION
_b10
_c20130109
_lUCH01
_h1312
650 1 4 _aGanado lechero.
_945237
810 0 0 _aCONASUPO
830 0 0 _aCuaderno
_v; 12
_929704
901 _aBK
942 _cFOLL
949 _aFolleto 4737
_bBC
_cFOLL
_d-58117
_eTS1
_i25213
_mD
_si
949 _aFolleto 4737
_bBC
_cFOLL
_d252132
_eTS2
_fc.2
_i25213
_kDonaciØn
_sb
999 _c20152
_d20152